00751nam a22002297a 4500003000400000005001700004008004100021010001300062020002300075035003300098037001600131040001500147082001600162100002100178245010200199260004100301270007400342300002600416500005000442650001300492650001600505dpl20180702114537.0180524b xxu||||| |||| 00| 0 eng d aB-218506 c695.00a8187471158 aB-218506, B-218519, B-218508 bCen Lib/Ret adplbENc0 a883.08bPAT aPatel, Vasant S. aV.S.Naipaul's India :cby Vasant S.Patelba reflection:winner of the nobel prize for literature / bStandard Publishersc2005aNew Delhi aG-126/2, Street 26,Rajapuri Main Road, Uttam NagarbNew Delhie110059 axiii,363p. c20cm(Hb) aIncludes bibliographical references and index aFiction. aV.S.Naipaul